National product in wartime (Record no. 479901)

000 -LEADER
fixed length control field 00351cam a22001217a 4500
008 - FIXED-LENGTH DATA ELEMENTS--GENERAL INFORMATION
fixed length control field 180718b1945 xxu||||| |||| 00| 0 eng d
082 ## - DEWEY DECIMAL CLASSIFICATION NUMBER
Classification number T112x73 K969n
100 ## - MAIN ENTRY--PERSONAL NAME
Personal name Kuznets, Simon
245 ## - TITLE STATEMENT
Title National product in wartime
Statement of responsibility, etc. by Simon Kuznets
260 ## - PUBLICATION, DISTRIBUTION, ETC.
Place of publication, distribution, etc. New York
Name of publisher, distributor, etc. Nat. Bureau of Economic Research
Date of publication, distribution, etc. 1945
300 ## - PHYSICAL DESCRIPTION
Extent 156p.
650 ## - SUBJECT ADDED ENTRY--TOPICAL TERM
Topical term or geographic name entry element Income - U.S.A.
Holdings
Withdrawn status Lost status Damaged status Not for loan Permanent Location Current Location Date acquired Full call number Barcode Date last seen Price effective from Koha item type
        Indian Institute of Public Administration Indian Institute of Public Administration 2018-08-04 T112x73 K969n GR6695 2018-08-04 2018-08-04 GR

Powered by Koha